000 00459ntaaa2200193 4500
003 01
005 20251027201750.0
008 0714s1973 ag 01
040 _aAR-BaBN
_bspa
_cAR-BaBN
_eaacr
_dRIC
082 _a240.0000 M612
100 _aMeyer, F.B.
_9969
245 _aChristian Living
250 _a1 ed.
260 _aLondon :
_bMorgan and Scott,
_cs.f.
300 _a139 p
650 _ameditaciones
_95341
650 _avida cristiana
942 _cBK
999 _c12326
_d12326